000 00576nam a2200229Ia 4500
003 OSt
005 20220924152316.0
006 a|||||r|||| 00| 0
007 ta
008 220923b |||||||| |||| 00| 0 ara d
024 _a341896
037 _cTextual
040 _aARTS
_cARTS
_bara
041 _2ara
_aara
082 _aQ7, 28G2
100 _aWajdi Mohammad Fareed Au.
245 0 _aAl-islam deen aalmir khalid
260 _c1932
650 _aISLAM
_9577
942 _hQ7, 28G2
_cTEXL
_2CC
999 _c469415
_d469415